Razvitije chimii belka.

Uložené v:
Podrobná bibliografia
Hlavný autor: Šamin, Aleksej Nikolajevič
Médium: Kniha
Jazyk:Russian
Vydané: Moskva : Nauka, 1966.
Fyzický popis: 170 strán.
Tagy: Pridať tag
Žiadne tagy, Buďte prvý kto otaguje tento záznam!

MARC

LEADER 00000nam a22000002i 4500
001 000650121
005 20201126112746.0
008 201126s1966 ru e 000 0 rus d
020 |c Kčs 7,50  |q (brožované) 
040 |a SVKKK  |b slo  |c SVKKK  |e rda 
100 1 |a Šamin, Aleksej Nikolajevič 
245 1 0 |a Razvitije chimii belka. 
264 1 |a Moskva :  |b Nauka,  |c 1966. 
300 |a 170 strán. 
336 |a text  |b txt  |2 rdacontent 
337 |a bez média  |b n  |2 rdamedia 
338 |a zväzok  |b nc  |2 rdacarrier 
500 |a Záznam revízie 
910 |a svkkk 
998 |a BK 
090 |g SCKHL  |k Sklad Pribinova 2. posch.  |a III.92798  |j 374328  |i 2720754952  |4 Zastaraná  |s Vyradená